000 05119nam a2200721 i 4500
003 DO-SdBNP
005 20241114085931.0
007 ta
008 240827s2011 dr abo 001 0 spa d
020 _a9789945872811
040 _aDO-SdBNP
_bspa
_cBNPHU
_erda
041 _aspa
082 4 _a333.950223
_bA881b
_222
245 0 0 _aAtlas de biodiversidad y recursos naturales de la República Dominicana /
_cedición Amarilis Polonia, Mariana Pérez ; cartografía Patria Sánchez, Santiago Hernández, Yoenny Urbáez, Alba Cadete, Fidelina Fernández ; fotografías, Adrián Tejedor, Adolfo López, Andreas Schubert, César Sánchez, Daneris Santana y otros.
250 _aPrimera edición
264 4 _aSanto Domingo, República Dominicana :
_bMinisterio de Medio Ambiente y Recursos Naturales,
_c©2011.
300 _a110 páginas :
_bilustraciones, mapas, retratos ;
_c35 x 48 cm.
336 _atexto
_btxt
_2rdacontent
337 _asin mediación
_bn
_2rdamedia
338 _avolumen
_bnc
_2rdacarrier
500 _aIncluye glosario.
504 _aBibliografía: p. 105
505 0 _gIntroducción --
_gAspectos físicos --
_tElevaciones -- Orografía -- Rangos de pendiente -- Regiones geomórficas /
_gBiodiversidad --
_tZonas de alto endemismo -- Flora endémica y nativa en peligro de extinción -- Invertebrados endémicos y nativos amenazados y en peligro -- Anfibios endémicos amenazados -- Reptiles endémicos y nativos amenazados -- Aves endémicas y nativas amenazados -- Áreas importantes para la conservación de las aves -- Mamíferos endémicos y nativos amenazados -- Humedales -- Ecosistemas costeros marinos -- Sistema nacional de áreas protegidas /
_gRecursos hídricos --
_tZonas productoras de agua superficiales -- Hidrografía y localización de presas -- Cuencas y subcuencas hidrográficas -- Hidrogeología (aguas subterráneas) -- Distritos de riego, canales y áreas irrigadas /
_gAspectos climáticos --
_tIsoyetas (precipitación media anual) -- Estaciones meteorológicas -- Potencial eólico -- Zonas ecológicas o zonas de vida -- Índice de Aridez /
_gRecursos biofísicos --
_tCapacidad productiva de los suelos -- Unidad de recursos para la planificación del uso de los suelos (URP) -- Asociaciones de suelos -- Uso y cobertura de la tierra 1996 -- Uso y cobertura de la tierra 2003 -- Cobertura boscosa 1996 -- Cobertura boscosa 2003 -- Cuevas -- Zonas de reforestación y viveros forestales -- Geología -- Recursos minerales -- Canteras y agregados /
_gAmenazas naturales --
_tZonas con amenaza a inundaciones -- Sismo-tectónica -- Rutas de huracanes y tormentas tropicales -- Fenómenos climáticos en los últimos 25 años -- Inundaciones tormenta Noel /
_gDivisión política-Administrativa --
_tVías de comunicación terrestre -- Político-Administrativo /
_tFuentes de la información cartográfica --
_tFuentes fotográficas --
_tFuentes bibliográficas --
_tGlosario de términos --
_tEquipo técnico /
590 _aInventariado 2024 / YL
650 4 _aDiversidad biológica
_vAtlas
_923164
650 4 _aEcosistemas
_zRepública Dominicana
_vMapas
_923165
650 4 _aConservación de la vida silvestre
_zRepública Dominicana
_vMapas
_923166
650 4 _aConservación de los recursos naturales
_zRepública Dominicana
_vMapas
_923167
700 1 _aPolonia, Amarilis
_923168
_eeditor
_4ed.
700 1 _aPérez, Mariana
_eeditor
_986426
_4ed.
700 1 _aSánchez, Patria
_ecartógrafo
_986427
700 1 _aHernández, Santiago
_ecartógrafo
_986428
700 1 _aUrbáez, Yoenny
_ecartógrafo
_986429
700 1 _aCadete, Alba
_ecartógrafo
_986430
700 1 _aFernández, Fidelina
_ecartógrafo
_986431
700 1 _aTejedor, Adrian
_efotógrafo
_986432
700 1 _aLópez, Adolfo
_986433
_efotógrafo
700 1 _aSchubert, Andreas
_986434
_efotógrafo
700 1 _aSánchez, César
_986435
_efotógrafo
700 1 _aSantana, Daneris
_986436
_efotógrafo
700 1 _aCastillo, Eusebio
_efotógrafo
_986437
700 1 _aRupp, Ernst
_efotógrafo
_986438
700 1 _aJiménez, Francisco
_efotógrafo
_924070
700 1 _aTorrado, Irene
_efotógrafo
_986439
700 1 _aBauer, Jerry
_efotógrafo
_986440
700 1 _aBrocca, Jorge
_efotógrafo
_985671
700 1 _aÁlvarez, José Alejandro
_efotóografo
_978811
700 1 _aSoto, José Luis
_efotógrafo
_915817
700 1 _aGuerrero, Kelvin
_efotógrafo
_986441
700 1 _aLandestoy, Miguel
_efotógrafo
_984812
700 1 _aGonzález, Milton
_efotógrafo
_983244
700 1 _aGarcía Marcano, Nelson
_efotógrafo
_986442
700 1 _aGenaro Rodríguez, Pedro
_efotógrafo
_982770
700 1 _aTaveras, Pedro
_efotógrafo
_986443
700 1 _aBriones, Ricardo
_efotógrafo
_929826
700 1 _aRodríguez, Rosa
_efotógrafo
_986444
700 1 _aRodríguez, Sésar
_efotógrafo
_986279
700 1 _aMontilla, Tomás
_efotógrafo
_986445
700 1 _aLeón, Yolanda
_efotógrafo
_961576
710 1 _aRepública Dominicana.
_b Ministerio de Medio Ambiente y Recursos Naturales.
_966969
910 _aYLockward/Validado. Control de calidad MFF
942 _2ddc
_cLBS1
999 _c57561
_d57561